000 00791nam a2200265Ia 4500
001 Para_5442
003 CHAP
008 220125s1928 xx 000 0 und d
010 _a203783
040 _cCHAP
090 _aPA FOLLETO 2783
100 _aEUA. Department of Agriculture
_9169691
245 _aDepartment bulletins nos. 1226-1250 :
_b with contents /
_c Department of Agriculture
260 _aWashington :
_b The Department
300 _a11 p.
440 _aEUA. Dept. of Agriculture. Bull.; 1226-1250
_9169692
650 _aAgricultura y ganaderĂ­a
_x BibliografĂ­a
_92076
901 _aPA FOLLETO 2783
902 _aA
905 _a0000001928 WAS 0000000000 00
910 _a1928
942 _cPARA
942 _cPARA
_d1
999 _c203783
_d203783